Представление документа в формате MARC21

ПолеНазваниеЗначение
  Тип записи a
  Библиографический уровень m
001 Контрольный номер RU\infra-m\znanium\bibl\2237684
005 Дата корректировки 20260429142107.1
008 Кодируемые данные 260120s2025 RU g rus u
020 Индекс ISBN __
a ISBN 978-5-00223-355-7
040 Источник каталогиз. __
a Служба первич. каталог. Общество с ограниченной ответственностью «ЗНАНИУМ»
041 Код языка издания __
a Код языка текста rus
044 Код страны публикации __
a Код страны публикации RU
080 Индекс УДК __
a Индекс УДК 94
084 Индекс другой классификации/Индекс ББК __
2 Источник индекса rubbk
a Индекс другой классификации/Индекс ББК 633
084 Индекс другой классификации/Индекс ББК __
2 Источник индекса okso
a Индекс другой классификации/Индекс ББК 46.03.01
100 Автор __
a Автор Голованов В.
q Полное имя Голованов Василий
245 Заглавие __
a Заглавие Тачанки с Юга: История махновского движения
b Продолж. заглавия Научно-популярная литература
250 Сведения об издании __
a Основные сведения об издании 1
260 Выходные данные __
a Место издания Москва
b Издательство ООО "Альпина нон-фикшн"
c Дата издания 2026
300 Физическое описание __
a Объем 648 с.
520 Аннотация __
a Аннотация «Тачанки с Юга» — одно из самых последовательных исторических исследований махновского движения впервые опубликованное больше четверти века назад. Василий Голованов создает объемную и достоверную картину зарождения расцвета и упадка махновщины — значимого революционного явления возникшего на переломе истории и повлиявшего на ее ход. Народный герой революционер противостоявший всем кто покушался на Свободу и Волю жаждущий правды и жизни Нестор Махно стал символом борьбы с диктатурой. Всматриваясь в события прошлого развенчивая мифы и стремясь восстановить объективность автор делает попытку представить всю многомерность этого движения где борьба за принципы свободы и справедливости шла рука об руку с жестокостью и насилием.
521 Примеч. о цел. назн. __
a Примеч. о целев. назн. Дополнительное образование взрослых
650 Тематические рубрики __
a Основная рубрика История. Исторические науки
655 Указ. предметных рубрик (устаревшее) __
a Жанр/ форма (устаревшее) Научно-популярная литература
856 Электронный адрес документа 4_
a Имя сервера/домена znanium.ru
m Помощь ebs_support@infra-m.ru
n Местонахождение сервера НИЦ ИНФРА-М
u URL https://znanium.ru/catalog/document?id=475229
856 Электронный адрес документа 48
a Имя сервера/домена znanium.ru
d Путь /cover/2237
f Электронное имя 2237684.jpg
q Тип электронного формата image/jpeg
u URL https://znanium.ru/cover/2237/2237684.jpg
911 __
u 0030=https://znanium.ru/catalog/document?id=475229